000 00598nam a2200217Ia 4500
003 0100
008 130303s9999 xx 000 0 und d
040 _cARRUPELIB
050 _aHC800.M69 2009
100 _aMoyo, Dambisa
245 _aDead aid
245 _bwhy aid is not working and how there is another way for Africa
260 _aLondon
260 _bPenguin Books
260 _C2009
300 _axx
300 _b 188p. 23cm.
650 _bCatholic church - History - England - 19th century
650 _cCatholic church - History - England - 20th century
942 _2lcc
_017
999 _c67104
_d67104